California County Trivia - Imperial - Statistics

General Stats
  • This quiz has been taken 22 times
    17 since last reset
  • The average score is 10 of 16
Answer Stats
Hint Answer % Correct
County Seat El Centro
86%
Arizona
79%
Second Largest City Calexico
79%
River that defines its Eastern Border Colorado
79%
Least ______ County in Southern California Populated
79%
The majority of the population (80%) is Hispanic
71%
Bordering Counties/Sates/Countries Mexico
71%
San Diego
71%
Largest Industry Agriculture
64%
Interstate that runs through the county Interstate 8
64%
Riverside
64%
The county contains the south part of what lake Salton Sea
64%
Much of the county is (in elevation) Below Sea Level
50%
City that is Completely Lawless Slab City
43%
Valley the county lies in Imperial Valley
36%
Large state park in the western part of the county Anza-Borrego
29%
No matching quizzes found
Score Distribution
Percent of People with Each Score
Percentile by Number Answered
Your Score History
You have not taken this quiz since the last reset